| 000 | 00403nam a22001697a 4500 | ||
|---|---|---|---|
| 003 | macl | ||
| 005 | 20160115143316.0 | ||
| 008 | 160115b xxu||||| |||| 00| 0 eng d | ||
| 040 | _cmacl | ||
| 041 | _aEnglish | ||
| 082 | _a300/ZIZ | ||
| 100 |
_aZizek Slavoj _932605 |
||
| 245 | _aFirst As Tragedy Then As Farce | ||
| 260 |
_aNew Delhi _bNavayana _c2009 |
||
| 650 |
_aSocial _932606 |
||
| 942 |
_2ddc _cBK |
||
| 999 |
_c52452 _d52452 |
||